Recent developments in natural rubber latex based products technology (Record no. 66443)

MARC details
000 -LEADER
fixed length control field 00604nam a2200169Ia 4500
100 ## - MAIN ENTRY--AUTHOR NAME
Personal name Jacob Ansu
245 #0 - TITLE STATEMENT
Title Recent developments in natural rubber latex based products technology
260 ## - PUBLICATION, DISTRIBUTION, ETC. (IMPRINT)
Name of publisher Proceedings of the National Conference and Exposition on Rubber and Allied Materials. India Rub Tech Expo 2004. 13-14 February, 2004, Mysore.pp.345-352.
650 ## - SUBJECT ADDED ENTRY--TOPICAL TERM
Topical Term Centrifugation
650 ## - SUBJECT ADDED ENTRY--TOPICAL TERM
Topical Term Latex products
650 ## - SUBJECT ADDED ENTRY--TOPICAL TERM
Topical Term Leaching
650 ## - SUBJECT ADDED ENTRY--TOPICAL TERM
Topical Term Natural rubber latex
700 ## - ADDED ENTRY--PERSONAL NAME
Personal name Aprem Abi Santhosh
700 ## - ADDED ENTRY--PERSONAL NAME
Personal name Paul Satyendra Nath
942 ## - ADDED ENTRY ELEMENTS (KOHA)
Koha item type Journals
Holdings
Withdrawn status Lost status Damaged status Not for loan Home library Current library Shelving location Date acquired Koha item type
      Journals RRII Library RRII Library Rubber chemistry 17/12/2021 Journals